Approximation of functions : theory and numerical methods /
Guardado en:
| Autor Principal: | |
|---|---|
| Otros Autores: | |
| Formato: | Libro |
| Idioma: | English German |
| Publicado: |
New York :
Springer-Verlag,
1967.
|
| Series: | Springer tracts in natural philosophy ;
v. 13 |
| Etiquetas: |
Agregar Etiqueta
Sin Etiquetas, Sea el primero en etiquetar este registro!
|
| LEADER | 00838nam a22002175 4500 | ||
|---|---|---|---|
| 001 | MAT.inmabb001821 | ||
| 008 | 840925s1967####nyua#####b####001#0#eng#d | ||
| 005 | 20170519140304.0 | ||
| 245 | 1 | 0 | |a Approximation of functions : |b theory and numerical methods / |c Günther Meinardus ; translated by Larry L. Schumaker. |
| 260 | |a New York : |b Springer-Verlag, |c 1967. | ||
| 300 | |a viii, 198 p. : |b il. ; |c 24 cm. | ||
| 440 | 0 | |a Springer tracts in natural philosophy ; |v v. 13 | |
| 500 | |a Expanded translation of: Approximation von Funktionen und ihre numerische Behandlung. | ||
| 504 | |a Bibliografía: p. [189]-196. | ||
| 510 | 4 | |a MR, |c 36 #571 | |
| 100 | 1 | |a Meinardus, Günther, |d 1926- | |
| 700 | 1 | |a Schumaker, Larry L., |d 1939- |4 trl | |
| 084 | |a 41.00 (65.00) |2 MR | ||
| 010 | |a 67105609 | ||
| 041 | 1 | |a eng |h ger | |
| 859 | |h 41 |i M514 |p A-3279 |b BIB. MATEMATICA | ||
